Schaffst du es über nur 2 Grenzen? - Statistiken

Allgemein
  • Dieses Quiz wurde 228 mal gespielt
  • Das Durchschnittsergebnis liegt bei 9 aus 14
Antwortstatistiken
Hint Explanation Antwort % Korrekt
Kasachstan - Tadschikistan durch China, Kirgisistan oder Usbekistan Ja
84%
Griechenland - Montenegro durch Albanien Ja
83%
Israel - Tunesien nicht möglich Nein
81%
Paraguay - Peru durch Bolivien oder Brasilien Ja
77%
Italien - Spanien durch Frankreich Ja
76%
Liechtenstein - Ungarn durch Österreich Ja
76%
Costa Rica - Mexiko nicht möglich Nein
70%
Litauen - Moldawien nicht möglich Nein
70%
Palau - Philippinen nicht möglich, denn es handelt sich um Inselstaaten Nein
65%
Bangladesch - Vietnam nicht möglich Nein
61%
Lesotho - Sambia nicht möglich Nein
57%
Niger - Senegal durch Mali Ja
56%
Kamerun - Togo nicht möglich Nein
47%
Ägypten - Zentralafrikanische Republik durch Sudan Ja
37%
Keine übereinstimmenden Quizze gefunden
Verteilung der Resultate
Anzahl Personen mit jedem Resultat
Perzentil nach korrekt beantworteten Fragen
Ihre Resultats-Entwicklung
Sie haben dieses Quiz noch nicht gespielt